000 01542nkc a2200289za 4500
001 84586
003 OSt
005 20260423160653.0
007 kh boc
008 250410s1909 sp ||||| ||||||0| i|spa d
040 _cM-RABA
_aM-RABA
_bspa
245 _aAlegoría del nacimiento del infante heredero del Trono
_h[Material gráfico]
_c/ José Rodríguez Díaz
260 _c[ca. 1909]
300 _a1 fotografía
_b: gelatina de plata
_c; imagen 20 x 12 cm
_c; soporte secundario 30 x 24 cm
500 _aEl relieve original fue realizado por José Rodríguez Díaz para el concurso de 1781.
500 _aMontada sobre un soporte secundario de cartón, con texto manuscrito a lápiz en la parte inferior al recto: "Alegoría del nacimiento del infante heredero del Trono . concurso de 1781-1ª clase. José Rodríguez Díaz". Nota manuscrita al verso a lápiz: "1781".
500 _aFecha probable de la realización de la fotografía realizada por Hauser y Menet.
544 _aArchivo de la Real Academia de Bellas Artes de San Fernando (Le-4-29-1)
600 1 0 _aRodríguez Díaz, José
_d(ca. 1746-1817)
_9111688
610 2 4 _aReal Academia de Bellas Artes de San Fernando.
_975832
651 7 _aMadrid
_2embne
_975182
655 7 _aFotografías de obras de arte
_975675
710 2 _aHauser y Menet (Madrid)
_950978
852 _jFot-611
856 _3Fot-611
_uhttps://archivoybiblioteca.realacademiabellasartessanfernando.com/cgi-bin/koha/opac-retrieve-file.pl?id=842ec9df3dd52616e836f4e468d569e2
942 _2ddc
_cFOTOGRAFÍA
_n0
999 _c84586
_d84586